| 000 | 00478nam a2200157Ia 4500 | ||
|---|---|---|---|
| 008 | 210716s2016 xx 000 0 und d | ||
| 020 | _a9788126559718 | ||
| 041 | _aeng | ||
| 082 | _a005.304 COOA | ||
| 100 | _aCooper, Alan; Reimann, Robert; Cronin, David. | ||
| 245 |
_aAbout face: Essentials of interaction design. _bEssentials of interaction design. |
||
| 250 | _a4 | ||
| 260 |
_aNew Delhi _bWiley India Pvt Ltd _c2016 |
||
| 300 | _axxvii,690 | ||
| 650 | _aSoftware Testing | ||
| 999 |
_c195037 _d195037 |
||